Southville International School and Colleges
Your cart is empty.
  • Cart
  • Lists
    Public lists Eva Luna New books Lux_list list_1
    Your lists Log in to create your own lists
  • Log in to your account
  • Your cookies
  • Search history
Southville International School and Colleges
  • Advanced search
  • Recent comments
  • Most popular
  • Libraries

Log in to your account

Log in with GOOGLE


If you do not have an external account, but do have a local account, you can still log in:

  1. Home
  2. MARC view: Harvard business review on making smarter decisions /
Normal view MARC view ISBD view

Harvard business review on making smarter decisions / (Record no. 2097)

[ view plain ]
MARC details
000 -LEADER
fixed length control field 01312cam a22003614a 4500
001 - CONTROL NUMBER
control field 14717453
003 - CONTROL NUMBER IDENTIFIER
control field OSt
005 - DATE AND TIME OF LATEST TRANSACTION
control field 20151015151426.0
008 - FIXED-LENGTH DATA ELEMENTS--GENERAL INFORMATION
fixed length control field 070130s2007 maua 001 0 eng
010 ## - LIBRARY OF CONGRESS CONTROL NUMBER
LC control number 2007004363
015 ## - NATIONAL BIBLIOGRAPHY NUMBER
National bibliography number GBA6A2646
Source bnb
016 7# - NATIONAL BIBLIOGRAPHIC AGENCY CONTROL NUMBER
Record control number 013619072
Source Uk
020 ## - INTERNATIONAL STANDARD BOOK NUMBER
International Standard Book Number 9781422114933 (pbk. : alk. paper)
020 ## - INTERNATIONAL STANDARD BOOK NUMBER
International Standard Book Number 1422114937 (pbk. : alk. paper)
035 ## - SYSTEM CONTROL NUMBER
System control number (OCoLC)ocm76936226
035 ## - SYSTEM CONTROL NUMBER
System control number (OCoLC)76936226
040 ## - CATALOGING SOURCE
Original cataloging agency DLC
Transcribing agency DLC
Modifying agency UKM
-- BAKER
-- C#P
-- YDXCP
-- BTCTA
-- DLC
050 00 - LIBRARY OF CONGRESS CALL NUMBER
Classification number HD 30.23
Item number .H339 2007
082 ## - DEWEY DECIMAL CLASSIFICATION NUMBER
Classification number IB 658.4
Item number H26s 2007
245 00 - TITLE STATEMENT
Title Harvard business review on making smarter decisions /
246 30 - VARYING FORM OF TITLE
Title proper/short title Making smarter decisions
246 1# - VARYING FORM OF TITLE
Display text At head of title on cover:
Title proper/short title Ideas with impact
260 ## - PUBLICATION, DISTRIBUTION, ETC. (IMPRINT)
Place of publication, distribution, etc Boston, Massachusetts
Name of publisher, distributor, etc Harvard Business School Publishing Corporation,
Date of publication, distribution, etc c2007.
300 ## - PHYSICAL DESCRIPTION
Extent vii, 208 p. :
Dimensions 21 cm.
440 #4 - SERIES STATEMENT/ADDED ENTRY--TITLE
Title The Harvard business review paperback series
650 #0 - SUBJECT ADDED ENTRY--TOPICAL TERM
Topical term or geographic name as entry element Decision making.
730 0# - ADDED ENTRY--UNIFORM TITLE
Uniform title Harvard business review.
856 41 - ELECTRONIC LOCATION AND ACCESS
Materials specified Table of contents only
Uniform Resource Identifier <a href="http://www.loc.gov/catdir/toc/ecip079/2007004363.html">http://www.loc.gov/catdir/toc/ecip079/2007004363.html</a>
906 ## - LOCAL DATA ELEMENT F, LDF (RLIN)
a 7
b cbc
c orignew
d 1
e ecip
f 20
g y-gencatlg
942 ## - ADDED ENTRY ELEMENTS (KOHA)
Source of classification or shelving scheme Library of Congress Classification
Koha item type Books
Holdings
Withdrawn status Lost status Source of classification or shelving scheme Damaged status Home library Current library Shelving location Date acquired Total Checkouts Full call number Barcode Date last seen Copy number Price effective from Koha item type
    Library of Congress Classification   Luxembourg Library Luxembourg Library International Baccalaureate Section 06/22/2013   HD 30.23 .H339 2007 15798 08/13/2013 1 10/03/2013 Books

Harvard business review on making smarter decisions /

APA

(2007). Harvard business review on making smarter decisions. Boston, Massachusetts: Harvard Business School Publishing Corporation.

Chicago

2007. Harvard business review on making smarter decisions. Boston, Massachusetts: Harvard Business School Publishing Corporation.

Harvard

(2007). Harvard business review on making smarter decisions. Boston, Massachusetts: Harvard Business School Publishing Corporation.

MLA

Harvard business review on making smarter decisions. Boston, Massachusetts: Harvard Business School Publishing Corporation. 2007.

  • Place hold
  • Print
  • Cite
  • Add to your cart (remove)
  • Save record
    BIBTEX Dublin Core MARCXML MARC (non-Unicode/MARC-8) MARC (Unicode/UTF-8) MARC (Unicode/UTF-8, Standard) MODS (XML) RIS
  • More searches
    Search for this title in:
    Other Libraries (WorldCat) Other Databases (Google Scholar) Online Stores (Bookfinder.com) Open Library (openlibrary.org)

Exporting to Dublin Core...

SOUTHVILLE LIBRARY

Southville International School and Colleges Library

1281 Tropical Ave. Cor. Luxembourg St., BF Homes International, Las Pinas City

Tel. No. 8256374 / 252358 Loc. 117/146

Powered by Koha